000 01770nam a22001937a 4500
999 _c66627
_d66627
005 20230208230150.0
008 s2554 th o00| 0 tha d
040 _aNALT
086 _aสว 09 7.3 328.31 2551
110 2 _aสำนักงานเลขาธิการวุฒิสภา.
_bสำนักกรรมาธิการ 1
_92441
245 1 0 _aรายงานการพิจารณาศึกษาเพื่อปรับปรุงแก้ไขข้อบังคับการประชุมวุฒิสภา พ.ศ. 2551 ของ คณะกรรมาธิการสามัญพิจารณาศึกษาเพื่อปรับปรุงแก้ไขข้อบังคับการประชุมวุฒิสภา พ.ศ. 2551 วุฒิสภา /
_cสำนักกรรมาธิการ 1 สำนักงานเลขาธิการวุฒิสภา.
260 _aกรุงเทพฯ :
_bสำนักกรรมาธิการ 1 สำนักงานเลขาธิการวุฒิสภา,
_c2554.
300 _a57 หน้า :
_bตาราง ;
_c30 ซม.
610 2 4 _aคณะกรรมาธิการสามัญพิจารณาศึกษาเพื่อปรับปรุงแก้ไขข้อบังคับการประชุมวุฒิสภา พ.ศ. 2551 วุฒิสภา
_942957
_xรายงาน
650 4 _aข้อบังคับการประชุม
_932770
850 _aNALT
942 _cPAR
_2local
998 _j25
_k นีลวัสน์ อินทรักษา